000 00384nam a22001457a 4500
020 _a9780135652275
040 _cNust
082 _a620.1
_bSHA
100 _aIrving H. Shames
_926227
245 _aEngineering mechanics statics
250 _a4th Edition
260 _aNew Jersey:
_bPrentice Hall India,
_c1997.
650 _aEngineering mechanics statics
_962801
942 _2ddc
_cBK
999 _c612061
_d612061